00447nam a2200145Ia 4500008004100000020001800041041000800059082001900067100001400086245014300100260002000243300000800263365001600271700001400287230718s9999 xx 000 0 und d a9781983372445 aeng a346.048'6bKAR aKarhad P. aHow To Patent An Idea In IndiabFrom Idea To Generated Patent In Quickest Time, Saving Costs And Making Money With Your Patented Invention c2014bKarhad P. a148 cRs.b199.00 aKarhad P.